000 00857nam a2200241 a 4500
001 44811
003 BD-RjUL
005 20211209053924.0
008 160720s1976 bg ||||| |||| 00| f ben d
020 _c: Tk. 18.00
035 _a(BD-RjUL)44929
040 _aBD-RjUL
_bben
_cBD-RjUL
041 _aben
082 _223
_a891.443
_bBAN 1976
245 0 0 _aবাংলা গল্প সংকলন /
_cবাংলা গবেষণা সংসদ
250 _a১ম সং.
260 _aঢাকা :
_bবাংলাদেশ বুক করপোরেশন,
_c১৯৭৬ (১৩৮৩)
300 _a[৬], ২৯৬ পৃ.
_c২২ সেমি.
650 _aবাংলা উপন্যাস
_9137357
650 _aBengali Fiction
_9137358
710 _aবাংলা গবেষণা সংসদ
_9137356
942 _2ddc
_cBK
999 _c44811
_d44811